000 00691nam a2200289Ia 4500
005 20260324142849.0
008 008 260324s9999 xx 000 0 eng d
020 _a9781315223926
037 _aEBOOK
040 _aCRL
040 _beng
040 _cCRL
041 _2eng
041 _aeng
084 _qCRL
100 _aJohn Morgan
_91148127
245 0 _aPersonal Care in an Impersonal World
245 2 _bA Multidimensional Look at Bereavement
260 _bTaylor and Francis
260 _c1993
365 _a
365 _b220
856 _uhttp://www.taylorfrancis.com/books/9781315223926
942 _cEBOOK
999 _c1818230
_d1818230